Constitutional and administrative law. / (Record no. 6935)

MARC details
000 -LEADER
fixed length control field 01889nam a22001697a 4500
008 - FIXED-LENGTH DATA ELEMENTS--GENERAL INFORMATION
fixed length control field 190903b xxu||||| |||| 00| 0 eng d
020 ## - INTERNATIONAL STANDARD BOOK NUMBER
International Standard Book Number 421154705
050 ## - LIBRARY OF CONGRESS CALL NUMBER
Classification number KD3930.P45(5e)
100 ## - MAIN ENTRY--PERSONAL NAME
Personal name Phillips. O. Hood.
245 ## - TITLE STATEMENT
Title Constitutional and administrative law. /
Statement of responsibility, etc. O. Hood Phillips.
250 ## - EDITION STATEMENT
Edition statement 5th ed.
260 ## - PUBLICATION, DISTRIBUTION, ETC.
Place of publication, distribution, etc. London :
Name of publisher, distributor, etc. Sweet and Maxwell,
Date of publication, distribution, etc. 1973.
300 ## - PHYSICAL DESCRIPTION
Extent xlvi, 669 p. :
Dimensions 23 cm.
500 ## - GENERAL NOTE
General note Includes index.
505 ## - FORMATTED CONTENTS NOTE
Formatted contents note Contents: Part I: Introduction: The nature of constitutional and administrative law -- General characteristics of the British Constitution -- The legislative supremacy of parliament -- Can parliament bind its successors? -- Constitutional conventions -- Part II: Parliament: The High Court of Parliament -- The House of Lords -- The House of Commons -- Parliament procedure -- National finance and scrutiny of the administration -- Parliamentary privilege -- Part III: The Crown and the Central Government: The Monarchy -- The royal prerogative -- The privy council -- The cabinet and the prime minister -- Central government departments and civil service -- The Armed Forces -- Emergency powers of the executive -- Part IV: Justice and police : The administration of justice -- The police -- Part V: Rights and duties of the individual: Nationality, Immigration and extradition -- Offences against the state -- Freedom of person and property -- Freedom of speech -- Freedom of assembly and association -- Part VI: Administrative law: Local government -- Public corporations -- Delighted legislation -- Administrative jurisdiction -- Judicial control of public authorities: I. liability -- Judicial control of public authorities: II. remedies -- Crown Proceedings -- Part VII: The Common wealth: The United Kingdom and Commonwealth -- British colonies -- Independence within the Commonwealth -- Appeals to the privy Council.
942 ## - ADDED ENTRY ELEMENTS (KOHA)
Source of classification or shelving scheme Library of Congress Classification
Koha item type Books
Holdings
Withdrawn status Lost status Source of classification or shelving scheme Damaged status Not for loan Home library Current library Shelving location Date acquired Total Checkouts Full call number Barcode Date last seen Price effective from Koha item type
    Library of Congress Classification     WISCONSIN INTERNATIONAL UNIVERSITY COLLEGE, GHANA - MAIN LIBRARY WISCONSIN INTERNATIONAL UNIVERSITY COLLEGE, GHANA - MAIN LIBRARY Law Library 03/09/2019   KD3930.P45(5e) 2691/041/19 03/09/2019 03/09/2019 Books

If you have any concerns or questions; kindly contact the library


© Powered by WIUC ICT DIRECTORATE